| 000 | 01290cam a2200349 i 4500 | ||
|---|---|---|---|
| 001 | 768714001 | ||
| 003 | CO-MdFUSB | ||
| 005 | 20240618062723.0 | ||
| 007 | ta | ||
| 008 | 101129t2011 ck b 001 0 spa | ||
| 020 | _a9780878085255 | ||
| 040 |
_aDLC _beng _cCO-MdFUSB _dDTM _dUtOrBLW _erda |
||
| 041 | _aspa | ||
| 042 | _apcc | ||
| 082 |
_223 _a231.1 _bM183 |
||
| 100 | 1 |
_aMadrigal, Carlos. _eautor |
|
| 245 | 1 | 0 |
_aExplicando la trinidad al islam : _bmis discusiones sobre la trinidad con un critico islámico _c/ Carlos Madrigal. |
| 264 | 1 |
_aPasadena, Calif. : _bWilliam Carey Library, _c[2011] |
|
| 264 | 4 | _c©2011. | |
| 300 |
_a292 páginas : _bilustraciones ; _c22 cm. |
||
| 336 |
_atexto _btxt _2rdacontent. |
||
| 337 |
_asin mediación _bn _2rdamedia. |
||
| 338 |
_avolumen _bnc _2rdacarrier. |
||
| 505 | _a¿Es posible conocer a Dios? -- Hacia una comprensión correcta -- Ilustraciones y definiciones -- Declaraciones trinitarias en la Biblia -- El enfoque teológico -- La encarnación -- Claves para entender la Trinidad -- Apéndice: Hacia los credos de la iglesia primitiva. | ||
| 563 | _aRústico | ||
| 650 | 7 |
_aTrinidad _9177 |
|
| 650 | 7 |
_aApologética _9187 |
|
| 650 | 7 |
_aTeología doctrinal _9179 |
|
| 650 | 0 |
_aMisiones _9154 |
|
| 942 | _cBK | ||
| 945 | _aJTF-925 | ||
| 999 |
_c67394 _d67394 |
||